000 00704nam a2200217Ia 4500
001 9812
003 GE_BSU
008 181216s||||||||xx |||||||||||||| ||und||
040 _cGE_BSU
080 _a821.353.1–1
100 _aნონეშვილი,იოსებ
245 _aსიმღერა მეგობრობისა
245 _bლექსები
245 _cრედ.ან.თევზაძე.მხატვ.გ.თოთიბაძე
260 _aთბილისი
260 _bსაბჭ.მწერალი
260 _c1954
300 _a110გვ.20სმ.
653 _aსიმღერა მეგობრობისა
942 _cBK
999 _c43091
_d43091